000 02043cam a22005174i 4500
003 PE-LiUPU
005 20250731173550.0
008 150616s1995 miu r 000 0 eng d
020 _a0801062934
035 _a(Sirsi) i9780801062933
040 _aPE-LiUPU
_bspa
_cPE-LiUPU
_erda
049 _aPRUA
082 0 4 _b
_221
100 1 _aMichaels, J. Ramsey,
_eautor.
245 1 0 _aInterpreting the Book of Revelation /
_cJ. Ramsey Michaels.
264 1 _aGrand Rapids, Michigan :
_bBaker Book Co.,
_c1995.
300 _a150 páginas ;
_c21 centímetros
336 _atext
_2rdacontent
337 _aunmediated
_2rdamedia
338 _avolume
_2rdacarrier
490 0 _aGuides to New Testament Exegesis ;
_v7
504 _aBibliografía: páginas 149-150.
505 0 _aGeneral Considerations in the exegesis of Revelations.- Specific examples of exegesis in Revelation.
526 _aSEG42
526 _aSEG41
526 _aSEG40
526 _aSEG39
526 _aP94
526 _aP87
526 _aP86
526 _aP85
526 _aP77
526 _aP76
526 _aP35
630 _aBiblia.
_pN.T.
_pApocalipsis
_xCrítica, interpretación, etc.
910 _ajck
_bjvq
_cjck
942 _2ddc
_cBOOK
949 _a228.066 M53
_wDEWEY
_c1
_i42219
_lCCODEBUL1
_mBUL
_r0
_sY
_tBOOK
_u2015-4-23
_xTEOLOGIA
_zUNKNOWN
_0COMPRA
_o.STAFF. Colección Teología
949 _a228.066 M53
_wDEWEY
_c2
_i43082
_d2015-10-27
_e2015-10-26
_lCCODEBUL1
_mBUL
_n1
_r0
_sY
_tBOOK
_u2015-6-16
_xTEOLOGIA
_zUNKNOWN
_0COMPRA
_o.STAFF. Colección Teología
994 _aC0
_bPEPRU
596 _a1
999 _a228.066 M53
_wDEWEY
_c61056
_i42219
_d61056
_f2019-12-10
_g4
_lDISCARD
_mBUL
_q1
_r1
_sY
_tBOOK
_u2015-4-23
_xTEOLOGIA
_zUNKNOWN
_0COMPRA
_o.STAFF. Colección General
999 _a228.066 M53
_wDEWEY
_c2
_i43082
_d2018-4-24
_e2015-10-26
_f2021-11-11
_g5
_lCCODEBUL1
_mBUL
_n1
_p20.00
_q3
_r0
_sY
_tBOOK
_u2015-6-16
_xTEOLOGIA
_PP35
_0COMPRA
_o.STAFF. Colección Teología
980 _81
_gALBERTO SANCHEZ Responsable de Automatización